书目信息 |
| 题名: |
编辑应用文选
|
|
| 作者: | 林慧文 选编 | |
| 分册: | ||
| 出版信息: | 太原 山西人民出版社 1984 |
|
| 页数: | 226页 | |
| 开本: | 19cm | |
| 丛书名: | 编创丛书 | |
| 单 册: | ||
| 中图分类: | G232-53 , G213 | |
| 科图分类: | ||
| 主题词: | 编辑工作--文集 , 新闻学 , 新闻工作 | |
| 电子资源: | ||
| ISBN: | ||
| 000 | 00757nam2 2200301 45 | |
| 001 | 0184014155 | |
| 005 | 20040427091638.4 | |
| 010 | @dCNY0.70 | |
| 091 | @a7088.1149 | |
| 100 | @a19950413d1984 em y0chiy0121 ea | |
| 101 | 0 | @achi |
| 102 | @aCN@b140000 | |
| 105 | @ay z 000yy | |
| 106 | @ar | |
| 200 | 10 | @a编辑应用文选@Abian ji ying yong wen xuan@f林慧文选编 |
| 210 | @a太原@c山西人民出版社@d1984 | |
| 215 | @a226页@d19cm | |
| 225 | 2 | @a编创丛书 |
| 410 | 0 | @120010@a编创丛书 |
| 606 | @a编辑工作@x文集 | |
| 606 | 0 | @a新闻学 |
| 606 | 0 | @a新闻工作 |
| 690 | @aG232-53@v3 | |
| 690 | @aG213 | |
| 701 | 0 | @a林慧文@Alin hui wen@4选编 |
| 801 | 0 | @aCN@b上海图书馆@c20040427 |
| 801 | 2 | @aCN@bNLC@c20040427 |
| 905 | @f2@b114381-382@dG213@e23 | |
| 编辑应用文选/林慧文选编.-太原:山西人民出版社,1984 |
| 226页;19cm.-(编创丛书) |
| ISBN :CNY0.70 |
| ● |
| 相关链接 |
|
|
|
|
正题名:编辑应用文选
索取号:G213/23
 
预约/预借
| 序号 | 登录号 | 条形码 | 馆藏地/架位号 | 状态 | 备注 |
| 1 | 0114381 | 000494183 | 密集书库/ [索取号:G213/23] | 在馆 | |
| 2 | 0114382 | 000494174 | 密集书库/ [索取号:G213/23] | 在馆 | |
| 3 | 0114383 | 000494735 | 第一样本阅览室/ [索取号:G213/23] | 在馆 |